000 00875nam a2200265Ia 4500
003 OSt
005 20220930080023.0
006 a|||||r|||| 00| 0
007 ta
008 220926b |||||||| |||| 00| 0 eng d
024 _a84965
037 _cTheses
040 _aCRL
_cCRL
_beng
041 _2eng
_aeng
100 _aKhandpur Namita
_9537879
110 _aUniversity of Delhi. Faculty of Science. Department of Chemistry
_9519399
245 0 _aPolyethoxyaniline as doping agent for polymers for corrosion inhibition of mild steel
260 _aDelhi
_bUniversity of Delhi India
_c2006
300 _a215p.
_ap.
_ccm.
650 _aCHEMISTRY
700 _a Prof. Gurmeet Singh Gu.
700 _aUniversity of Delhi. Faculty of Science. Department of Chemistry
_9519402
942 _cDIS
_2CC
999 _c869139
_d869139